000 00242nam a2200109Ia 4500
008 220204s9999 xx 000 0 und d
082 _a82-3
_bSCO
100 _aScott, Walter
245 0 _aIvanhoe
260 _aNew Delhi
_bS Chand
942 _cBK
999 _c35518
_d35518